00818nam a22001817a 4500003000900000008004100009020001500050040007100065082001900136100002600155245003100181260004300212300002900255505027500284650003000559650002200589650002500611AR-CdUCM190222b ||||| |||| 00| 0 spa d a8437604974 aMUNICIPALIDAD PROVINCIAL DEL CUSCOcBIBLIOTECA MUNICIPAL DEL CUSCO a 869.56 /bD68 aDíaz Herrera, Jorge aLa agonía del inmortal / aMadrid :bEdiciones Cátedra, c1984. a277 páginas ; c25 cm. aUn viejo coronel agoniza al pie de sus medallas y, en su interminable charla con su mayordomo, recrea su existencia. Ajeno a todo lamento y encendido por el entusiasmo de no haber vivido en vano, vuelve a ser lo que fue en las versiones que él considera más justas.  aNarrativa Contemporánea aNarrativa Peruana aJorge Díaz Herrera